000 00521nam a22001697a 4500
003 OSt
005 20260220100754.0
008 260220b |||||||| |||| 00| 0 eng d
040 _cMRSPTU
041 _aEnglish
100 _aRakesh Kumar, Supervisor: Rajesh Kumar
245 _aDesign and Analysis of Multi-Storeyed School Building
260 _bDepartment of Civil Engg. MRSPTU, Bathinda
_c2005
650 _aCivil Engineering
856 _uhttp://163.47.215.52:8080/jspui/handle/123456789/1118
942 _2ddc
_cTH
_n0
999 _c10973
_d10973